Click MCU Actor to Character - Statistics

General Stats
  • This quiz has been taken 407 times
  • The average score is 19 of 22
Answer Stats
Hint Answer % Correct
Iron Man Robert Downey Jr.
95%
Thor Chris Hemsworth
94%
Black Widow Scarlett Johansson
94%
Spider-Man Tom Holland
94%
Doctor Strange Benedict Cumberbatch
93%
Black Panther Chadwick Boseman
93%
Hulk Mark Ruffalo
93%
Captain America Chris Evans
91%
Loki Tom Hiddleston
90%
Ant-Man Paul Rudd
89%
Nick Fury Samuel L. Jackson
89%
Star Lord Chris Pratt
88%
Pepper Potts Gwyneth Paltrow
88%
Hawkeye Jeremy Renner
87%
Scarlet Witch Elizabeth Olsen
85%
Captain Marvel Brie Larson
84%
Groot Vin Diesel
83%
Vision Paul Bettany
80%
Falcon Anthony Mackie
78%
Rocket Raccoon Bradley Cooper
78%
Winter Soldier Sebastian Stan
78%
War Machine Don Cheadle
76%
No matching quizzes found
Score Distribution
Percent of People with Each Score
Percentile by Number Answered
Your Score History
You have not taken this quiz